| 000 | 00450nam a2200145 a 4500 | ||
|---|---|---|---|
| 001 | 1153 | ||
| 003 | CDMR | ||
| 005 | 20130311113351.0 | ||
| 008 | 130130s1994||||||||||||||||||||||||||||d | ||
| 040 |
_aCDMR _bcat _cCPC LLEIDA |
||
| 100 | 1 |
_aBorrat, Héctor _9822 |
|
| 245 | 1 | 4 |
_aEls periòdics, protagonistes del post-Maastricht _cBORRAT, Héctor |
| 260 |
_aBarcelona _c1994 _bCentre Investigació de la Comunicació Generalitat de Catalunya |
||
| 942 |
_cMON _2udc |
||
| 999 |
_c1153 _d1153 |
||